000 00507nmm a2200157Ia 4500
008 251105s9999||||xx |||||||||||||||||und||
020 _a9789587414295
041 _aspa
100 _aMartínez Monterrosa, Alberto (editor)
245 0 _aAportaciones de Niklas Luhmman a la comprensión de la sociedad moderna
264 _a[Bogotá, Colombia] :
_bUniversidad del Norte,
_c2014
300 _a205 páginas
650 _aSociology
856 _uhttps://public.digitaliapublishing.com/a/29667
942 _cCF
999 _c95930
_d95930